Good works! : marketing and corporate initiatives that build a better world ..... and the bottom line.

Bibliographic Details
Main Author: Kotler
Other Authors: Hessekiel,, Lee,
Format: Book
Published: Hoboken, New Jersey: John Wiley and Sons, 2012.
Subjects:
LEADER 00653cam a2200193 7i4500
001 0000030602
005 20140205090000.0
020 0 0 |a 9781118206683  
090 0 0 |a B 658.802   |b KOT 
100 1 0 |a Kotler  
245 1 0 |a Good works! :   |b marketing and corporate initiatives that build a better world ..... and the bottom line. 
260 0 0 |a Hoboken, New Jersey:   |b John Wiley and Sons,   |c 2012. 
300 # # |a 282 p. 
650 0 0 |a Relationship marketing  
650 0 0 |a Social responsibility of business  
650 0 0 |a Marketing --   |x Social aspects  
700 1 0 |a Hessekiel,   |h David  
700 1 0 |a Lee,   |h Nancy R.  
999 |a B000033852  |b Book  |c Book  |e Business Information Centre